| 000 | 00717nam a2200253Ia 4500 | ||
|---|---|---|---|
| 003 | OSt | ||
| 005 | 20220918164853.0 | ||
| 006 | a|||||r|||| 00| 0 | ||
| 007 | ta | ||
| 008 | 220917b |||||||| |||| 00| 0 eng d | ||
| 020 | _a0803971060 (hbk) | ||
| 024 | _a41,740 | ||
| 037 | _cTextual | ||
| 040 |
_aARTS _cARTS _beng |
||
| 041 |
_2eng _aeng |
||
| 082 | _aS0aW, N3 | ||
| 245 | 0 |
_aInterpreting experience _b the narrative study of lives edited by Ruthellen Josselson and Amia Lieblich |
|
| 260 |
_aCalifornia _bSage Pub _c1995 |
||
| 300 |
_axiii,262p. _ccm. |
||
| 490 | _aThe narrative study of lives; 3 | ||
| 650 | _aPSYCHOLOGY | ||
| 942 |
_hS0aW, N3 _cTEXL _2CC |
||
| 999 |
_c127114 _d127114 |
||